UBT Library

Introduction to business information systems (Record no. 42499)

000 -LEADER
fixed length control field 00341nam a22001457a 4500
008 - FIXED-LENGTH DATA ELEMENTS--GENERAL INFORMATION
fixed length control field 180214b xxu||||| |||| 00| 0 eng d
020 ## - INTERNATIONAL STANDARD BOOK NUMBER
International Standard Book Number 9780470840306
041 ## - LANGUAGE CODE
Language code of text/sound track or separate title eng
080 ## - UNIVERSAL DECIMAL CLASSIFICATION NUMBER
Universal Decimal Classification number 338 HUB
082 ## - DEWEY DECIMAL CLASSIFICATION NUMBER
Classification number 338 HUB
100 ## - Rafti
Rafti 54
101 ## - Shkurtesa
Shkurtesa MEN
245 ## - TITLE STATEMENT
Title Introduction to business information systems
Statement of responsibility, etc Huber,M.W
942 ## - ADDED ENTRY ELEMENTS (KOHA)
Source of classification or shelving scheme
Item type Books
Holdings
Withdrawn status Lost status Source of classification or shelving scheme Damaged status Not for loan Collection code Permanent location Current location Date acquired Total Checkouts Full call number Barcode Date last seen Price effective from Koha item type
          Koleksioni i përgjithshem UBT - Lipjan UBT - Lipjan 02/14/2018   338 HUB 002-2998183 02/14/2018 02/14/2018 Books
UBT Library © 2015-2024. All rights reserved University Education for Business and Technology